هذا حلال و هذا حرام / (Record no. 15804)
[ view plain ]
| 000 -الفاتح | |
|---|---|
| حقل البيانات ثابتة الطول | 00695nam a22001697a 4500 |
| 008 - عناصر البيانات ثابتة الطول - معلومات عامة | |
| حقل البيانات ثابتة الطول | 110810t1975 xxu||||g |||| 000 0 ara d |
| 082 ## - رقم تصنيف ديوى العشرى | |
| رقم الطبعة | 22 |
| رقم التصنيف | 297.14 |
| رقم المادة | ع ط ا |
| 100 ## - المدخل الرئيسى - إسم شخصى | |
| 9 (RLIN) | 16662 |
| الإسم الشخصى | عطا، عبد القادر أحمد |
| 245 ## - بيان العنوان | |
| العنوان | هذا حلال و هذا حرام / |
| بيان المسئوليه,etc | عبد القادر أحمد عطا |
| 260 ## - PUBLICATION, DISTRIBUTION, ETC. (IMPRINT) | |
| مكان الناشر او الموزع | [د.م]: |
| اسم الناشر او الموزع | [د.ن]،[1975] |
| تاريخ النشر أو التوزيع | [1975.] |
| 300 ## - الوصف المادى | |
| التعداد | 427ص، |
| أبعاد الوعاء | 24سم. |
| 650 ## - المدخل الاضافى بالموضوع-مصطلح موضوعى | |
| 9 (RLIN) | 17684 |
| مصطلح موضوعي أو اسم جغرافي كعنصر مدخل | الأحكام الشرعية |
| 650 ## - المدخل الاضافى بالموضوع-مصطلح موضوعى | |
| 9 (RLIN) | 15033 |
| مصطلح موضوعي أو اسم جغرافي كعنصر مدخل | الفقه الإسلامي |
| 653 ## - مصطلح تكشيفى غير مقيد | |
| Resource For college | |
| Arrived date list | August2011 |
| 942 ## - عناصر المدخل الإضافي( كوها) | |
| مصدر التصنيف او مخطط الترفيف | Dewey Decimal Classification |
| Koha [default] item type | Book - Borrowing |
| حالة التراجع | حالة الفقد | مصدر التصنيف او خطة الترفيف | حالة تلف | ليس للاعارة | المكان الدائم | المكان الحالي | موقع الترفيف | تاريخ الاكتساب | Source of acquisition | رقم الاستدعاء | الباركود | Date last seen | نوع الوعاء |
|---|---|---|---|---|---|---|---|---|---|---|---|---|---|
| Dewey Decimal Classification | Central Library | Central Library | Lower Floor | 10/08/2011 | Donation | 297.14 ع ط ا | 000024443 | 15/07/2025 | Book - Borrowing |